书目信息 |
| 题名: |
普通化学
|
|
| 作者: | 周为群 , 朱琴玉 主编 | |
| 分册: | ||
| 出版信息: | 苏州 苏州大学出版社 2010.08 |
|
| 页数: | 438页 | |
| 开本: | 26cm | |
| 丛书名: | 大学化学丛书 | |
| 单 册: | ||
| 中图分类: | O6 | |
| 科图分类: | ||
| 主题词: | 普通化学--pu tong hua xue--高等学校--教材 | |
| 电子资源: | ||
| ISBN: | 978-7-81137-512-1 | |
| 000 | 00984nam 2200289 450 | |
| 001 | 012011211019 | |
| 005 | 20110425114557.25 | |
| 010 | @a978-7-81137-512-1@dCNY43.00 | |
| 100 | @a20110425d2010 em y0chiy0120 ea | |
| 101 | 0 | @achi |
| 102 | @aCN@b320000 | |
| 105 | @aak z 000yy | |
| 106 | @ar | |
| 200 | 1 | @a普通化学@Apu tong hua xue@f周为群, 朱琴玉主编@Fzhou wei qun,zhu qin yu zhu bian |
| 210 | @a苏州@c苏州大学出版社@d2010.08 | |
| 215 | @a438页@c图@d26cm | |
| 225 | 2 | @a大学化学丛书@Ada xue hua xue cong shu |
| 312 | @a英文并列题名取自封面 | |
| 330 | @a本书内容包括:水溶液、化学反应的基本原理、电化学原理与应用、物质结构、配位化合物、分析化学概论、重要元素及化合物等。 | |
| 410 | 0 | @12001 @a大学化学丛书 |
| 510 | 1 | @aJeneral chemistry@zeng |
| 606 | 0 | @a普通化学@Apu tong hua xue@x高等学校@j教材 |
| 690 | @aO6@v4 | |
| 701 | 0 | @a周为群@Azhou wei qun@4主编 |
| 701 | 0 | @a朱琴玉@Azhu qin yu@4主编 |
| 801 | 0 | @aCN@bQSSK@c20110425 |
| 905 | @b792023-25@dO6@eZ805@f3 | |
| 普通化学/周为群, 朱琴玉主编.-苏州:苏州大学出版社,2010.08 |
| 438页:图;26cm.-(大学化学丛书) |
| ISBN 978-7-81137-512-1:CNY43.00 |
| 本书内容包括:水溶液、化学反应的基本原理、电化学原理与应用、物质结构、配位化合物、分析化学概论、重要元素及化合物等。 |
| ● |
| 相关链接 |
|
|
|
正题名:普通化学
索取号:O6/Z805
 
预约/预借
| 序号 | 登录号 | 条形码 | 馆藏地/架位号 | 状态 | 备注 |
| 1 | 792023 | 207920231 | 自科库401/401自科库 60排4列2层/ [索取号:O6/Z805] | 在馆 | |
| 2 | 792024 | 207920240 | 自科库401/401自科库 60排4列2层/ [索取号:O6/Z805] | 在馆 | |
| 3 | 792025 | 207920259 | 自科库401/401自科库 60排4列2层/ [索取号:O6/Z805] | 在馆 |